[Event "Moscow op-A 16th"]
[Site "Moscow"]
[Date "2020.01.28"]
[Round "4"]
[White "Khubukshanov, Erdem"]
[Black "Kazmin, Semen"]
[Result "1/2-1/2"]
[WhiteElo "2343"]
[BlackElo "2130"]
[PlyCount "106"]
[EventDate "2020.01.25"]
[EventType "swiss"]
[EventRounds "9"]
[EventCountry "RUS"]
[SourceTitle "CBM 194 Extra"]
[Source "ChessBase"]
[SourceDate "2020.03.31"]
[SourceVersion "1"]
[SourceVersionDate "2020.03.31"]
[SourceQuality "1"]

1. e4 d5 2. exd5 Qxd5 3. Nc3 Qd6 4. d4 Nf6 5. Nf3 a6 6. g3 Bg4 7. h3 Bh5 8. g4 Bg6 9. Bg2 Nc6 10. 0-0 0-0-0 11. Be3 e6 12. Qe2 Nd5 13. Nxd5 exd5 14. Nh4 h5 15. g5 Qe6 16. Rfe1 Be4 17. f3 Bf5 18. Nxf5 Qxf5 19. Bf1 Bd6 20. Qg2 Bf4 21. h4 Bxe3+ 22. Rxe3 Qf4 23. Qh3+ Kb8 24. Rae1 Nxd4 25. Bd3 f6 26. g6 c5 27. c3 Nc6 28. Qh2 Qxh2+ 29. Kxh2 d4 30. cxd4 cxd4 31. Re6 Ne5 32. Be4 Rhe8 33. Rb6 Re7 34. Rd1 d3 35. Kg3 d2 36. Rb3 Rc7 37. Kf2 Ka7 38. Ke2 Rcd7 39. Rc3 Rf8 40. f4 Ng4 41. Rxd2 Re7 42. Kf3 Rfe8 43. Bf5 Ne3 44. Bd7 Nf1 45. Rd1 Rd8 46. Rxf1 Rdxd7 47. Rc5 Rd3+ 48. Kg2 Ree3 49. Rf2 Rg3+ 50. Kf1 Rxg6 51. Rxh5 Rgg3 52. Ke2 Rge3+ 53. Kf1 Rg3 1/2-1/2

[Event "Chigorin Memorial 27th"]
[Site "St Petersburg"]
[Date "2019.10.10"]
[Round "6"]
[White "Strukova, Ksenia"]
[Black "Kazmin, Semen"]
[Result "0-1"]
[WhiteElo "2002"]
[BlackElo "2190"]
[PlyCount "96"]
[EventDate "2019.10.05"]
[EventType "swiss"]
[EventRounds "9"]
[EventCountry "RUS"]
[SourceTitle "EXT 2020"]
[Source "ChessBase"]
[SourceDate "2019.10.17"]
[SourceVersion "1"]
[SourceVersionDate "2019.10.17"]
[SourceQuality "1"]

1. e4 e5 2. Nf3 Nc6 3. Bc4 Bc5 4. d3 Nf6 5. 0-0 d6 6. a4 a6 7. c3 Ba7 8. h3 0-0 9. Re1 b5 10. Bb3 Na5 11. Bc2 c5 12. d4 Qc7 13. dxe5 dxe5 14. Bg5 Be6 15. Bxf6 gxf6 16. Nh4 Nc4 17. b3 Nd6 18. Qf3 Qe7 19. Nd2 Kh8 20. Nf1 Rg8 21. Rad1 Rad8 22. Ng3 c4 23. b4 Bc8 24. Kh2 Bb8 25. Kh1 Bc7 26. Nh5 Ne8 27. axb5 axb5 28. Rd5 Rg5 29. Rxd8 Bxd8 30. Ng3 Nd6 31. Rd1 Rg8 32. Qe3 Qf8 33. Qf3 Qh6 34. Rxd6 Qxh4 35. Nf5 Qg5 36. Ne3 Be6 37. Rd1 Qh4 38. Nf5 Bxf5 39. Qxf5 Bb6 40. Rd6 Bxf2 41. Qxf6+ Qxf6 42. Rxf6 Be1 43. Rb6 Rg3 44. Bd1 Rxc3 45. Rxb5 Rc1 46. Rd5 Bg3 47. Kg1 c3 48. Kf1 c2 0-1